Čo najviac chýba, je jazykové prostredie K problematike školstva na národnostne zmiešanom území

Podrobná bibliografia
Hlavný autor: Žoldošová, Darina (Autor)
Médium: Článok
Jazyk:slovenčina
Predmet:

MARC

LEADER 00000nab a2200000 a 4500
001 vtls000565387
003 SK-MaSNL
005 20260303013428.0
008 120929c1995 xo 0 slo
015 |a SNBRB19rr/mm-uuuuu 
035 |a CL0565525 
040 |a SNKBUCL  |b slo  |c SNKBUCL  |e AACR2 
041 0 |a slo 
044 |a xo  |c SK 
080 |a 371(437.6):323.15:376.7  |2 1981 
080 |a 376.7  |2 1981 
100 1 |a Žoldošová, Darina  |4 aut  |9 841282 
245 1 0 |a Čo najviac chýba, je jazykové prostredie  |b K problematike školstva na národnostne zmiešanom území  |c Darina Žoldošová 
650 0 7 |a školstvo národnostné  |2 snkbucl  |9 882754 
655 7 |a články z novín a časopisov  |2 snkbucl  |9 267496 
773 0 |t Obecné noviny  |g Roč. 5, č. 42 (1995), s. 18 
850 |a Slovenská národná knižnica v Martine  |a MTA001 
852 |a SNK  |b KIS3GCP 
958 |a RK 
992 |a RBX 
999 |c 1602489  |d 1604419